000 00447nam a22001817a 4500
003 MPLRDC
005 20220104114147.0
008 210129b ||||| |||| 00| 0 eng d
020 _a983-9860-13-5
082 _a820.9 HXM
100 _a黄学明编著
245 _a中国文学发展史问答
_c
250 _a初版
260 _a马来西亚
_b十方出版社
_c1994
300 _b223
650 _a中国文学史
942 _cBK
_o820.9 HXM
999 _c5295
_d5285